[Event "SWE-ch"]
[Site "Gothenburg"]
[Date "1990.??.??"]
[Round "?"]
[White "Barkhagen, Jonas"]
[Black "Lundin, Anders"]
[Result "0-1"]
[WhiteElo "2235"]
[BlackElo "2265"]

1.d4 Nf6 2.c4 e6 3.Nc3 Bb4 4.f3 c5 5.d5 d6 6.e4 exd5 7.cxd5 Nbd7 8.Bd3 a6
9.Ne2 b5 10.O-O O-O 11.Kh1 Re8 12.g4 Ne5 13.Ng3 Nxd3 14.Qxd3 Nd7 15.Nce2 Ne5
16.Qc2 Ba5 17.Bf4 Bb6 18.b3 Bd7 19.Nf5 Bxf5 20.gxf5 c4 21.Bxe5 Rxe5 22.bxc4 Rc8
23.Qb3 Rxc4 24.Rfc1 Rxc1+ 25.Rxc1 Bc5 26.Qb2 Re8 27.Ng3 Qg5 28.Rf1 Qe3 29.Kg2 Rc8
30.Rc1 Rb8 31.Rb1 a5 32.Qc2 Qd4 33.Qe2 b4 34.Qc2 a4 35.Qxa4 Qf2+ 36.Kh3 Qxf3
37.Qb3 Qf4 38.Qc2 Qh6+ 39.Kg2 Ra8 40.Re1 Qg5 41.e5 h5 42.e6 h4 43.exf7+ Kxf7
44.Qe2 hxg3 45.hxg3 Qf6 46.Rh1 Kg8 47.a4 bxa3 48.Qh5 Qb2+ 49.Kh3 a2 50.Re1 Rf8  0-1

[Event "Groningen"]
[Site "Groningen"]
[Date "1990.??.??"]
[Round "?"]
[White "Shirov, Alexei"]
[Black "Wahls, Matthias"]
[Result "1/2-1/2"]
[WhiteElo "2580"]
[BlackElo "2525"]

1.d4 Nf6 2.c4 e6 3.Nc3 Bb4 4.f3 c5 5.d5 b5 6.e4 bxc4 7.Bxc4 Nxd5 8.Bxd5 exd5
9.Qxd5 Nc6 10.Ne2 Ba6 11.Bg5 Qb6 12.Rd1 O-O 13.Kf2 Rfe8 14.Bf4 Rad8 15.Ng3 Ba5
16.Na4 Qb5 17.b3 d6 18.Qg5 h6 19.Qg4 Bc8 20.Nf5 Bxf5 21.Qxf5 Nb4 22.Nb2 d5
23.a4 Qa6 24.Be3 c4 25.bxc4 dxe4 26.Rxd8 Bxd8 27.Qb5 Qxb5 28.axb5 Bf6 29.Na4 Nd3+
30.Ke2 Ne5 31.Rc1 exf3+ 32.gxf3 Nxf3 33.Kxf3 Rxe3+ 34.Kxe3 Bg5+ 35.Ke4 Bxc1
36.c5 Kf8 37.b6 axb6 38.cxb6 g5 39.Nc5 Bf4 40.b7 Ke7 41.h3 Kf6 42.Kd5 Ke7
43.Nd3 Bc7 44.Nb4  1/2-1/2

[Event "Groningen op"]
[Site "Groningen"]
[Date "1990.??.??"]
[Round "4"]
[White "Fischer Nielsen, Jesper"]
[Black "Rotstein, Arkadij"]
[Result "1-0"]
[WhiteElo "2230"]
[BlackElo "2365"]

1.d4 Nf6 2.c4 e6 3.Nc3 Bb4 4.f3 c5 5.d5 b5 6.e4 bxc4 7.Bxc4 Nxd5 8.Bxd5 exd5
9.Qxd5 Nc6 10.Ne2 Ba6 11.Bd2 O-O 12.Kf2 Re8 13.Bf4 Ba5 14.a3 Qf6 15.Bg5 Qe6
16.Rhd1 Rab8 17.Rab1 Qxd5 18.Rxd5 Ne5 19.Rxe5 Rxe5 20.Bf4 d6 21.Bxe5 dxe5
22.Ke3 Bc4 23.Na4 Rd8 24.Nec3 Rd3+ 25.Kf2 Rd2+ 26.Kg3 Bd3 27.Rd1 Rxd1 28.Nxd1 Be1+
29.Kg4 c4 30.Kf5 f6 31.Ke6 Bd2 32.Kd5 Bc1 33.g3 Be2 34.Nac3 Bf1 35.a4 h5
36.a5 g5 37.a6 h4 38.Kc6 Bg2 39.Kb7 Bxf3 40.Kxa7 f5 41.exf5 hxg3 42.hxg3 Kf7
43.Kb8 Kf6 44.g4 Bf4 45.Kc8 Kg7 46.a7 Bh2 47.Ne2 Bc6 48.Ne3 e4 49.Nxc4 Kf6
50.b4 e3 51.b5 Bf3 52.Nxe3 Bd6 53.Nc3 Ba8 54.b6  1-0

[Event "Groningen op"]
[Site "Groningen"]
[Date "1990.??.??"]
[Round "6"]
[White "Fischer Nielsen, Jesper"]
[Black "Ashley, Maurice"]
[Result "0-1"]
[WhiteElo "2230"]
[BlackElo "2370"]

1.d4 Nf6 2.c4 e6 3.Nc3 Bb4 4.f3 c5 5.d5 exd5 6.cxd5 O-O 7.e4 Re8 8.Ne2 d6
9.g3 b6 10.Bg2 Ba6 11.O-O Bxc3 12.bxc3 Nbd7 13.Re1 Ne5 14.Nf4 Re7 15.Bf1 Bxf1
16.Rxf1 Qd7 17.Ng2 h6 18.Ne3 g6 19.Rb1 Rb8 20.c4 Kh7 21.Kg2 h5 22.h3 Qe8
23.Qd2 Ned7 24.g4 Qf8 25.Qf2 Ree8 26.Bb2 Qe7 27.Qg3 Ne5 28.Qf4 Nfd7 29.gxh5 Nd3
30.hxg6+ fxg6 31.Qg3 Rf8 32.Ba1 Nf4+ 33.Kh2 Nh5 34.Qg2 Ne5 35.Bxe5 Qxe5+
36.Kg1 Rbe8 37.Rbd1 Re7 38.Qh2 Nf4 39.Kh1 Kh8 40.Rg1 Rh7 41.Rg3 Qc3 42.Nc2 Kg7
43.h4 Rxh4 44.Qxh4 Rh8 45.Qxh8+ Kxh8 46.Rdg1  0-1

[Event "Guernsey op"]
[Site "Guernsey"]
[Date "1990.??.??"]
[Round "?"]
[White "Ballon, Guenther Jan"]
[Black "Wells, Peter K"]
[Result "1/2-1/2"]
[WhiteElo "2275"]
[BlackElo "2415"]

1.d4 Nf6 2.c4 e6 3.Nc3 Bb4 4.f3 d5 5.a3 Bxc3+ 6.bxc3 c5 7.cxd5 Nxd5 8.Qd3 b6
9.e4 Ba6 10.Qc2 Bxf1 11.Kxf1 Ne7 12.Be3 Nd7 13.Ne2 O-O 14.Kf2 Qc8 15.Qa2 Qa6
16.Rhd1 cxd4 17.cxd4 Rac8 18.Rac1 Nc6 19.Rc2 Na5 20.Rdc1 b5 21.Rxc8 Rxc8
22.Rxc8+ Qxc8 23.d5 exd5 24.Qxd5 a6 25.Nd4 Nf6 26.Qg5 h6 27.Qh4 Nc4 28.Nf5 Qd8
29.Bd4 Kh7 30.g4 Qa5 31.Bxf6 Qd2+ 32.Kg1 Qd1+ 33.Kf2 Qd2+ 34.Kg1 Qd1+  1/2-1/2

[Event "HUN-chop"]
[Site "Gyor"]
[Date "1990.??.??"]
[Round "1"]
[White "Von Alvensleben, Wolfram"]
[Black "Kiselev, Sergey"]
[Result "0-1"]
[WhiteElo "2215"]
[BlackElo "2440"]

1.d4 Nf6 2.c4 e6 3.Nc3 Bb4 4.f3 c5 5.d5 d6 6.e4 O-O 7.Bd3 b5 8.Ne2 Qb6 9.Be3 Nbd7
10.O-O Ne5 11.Nxb5 exd5 12.exd5 a6 13.Nbc3 Bxc3 14.bxc3 Re8 15.Bf2 Qa5 16.Qc2 Bd7
17.Bh4 Ba4 18.Qd2 Nfd7 19.f4 Ng6 20.Bxg6 hxg6 21.Qd3 Rab8 22.Rab1 Rxb1 23.Rxb1 Nf8
24.Ng3 Bd7 25.f5 Qxa2 26.Rf1 Re5 27.f6 Nh7 28.fxg7 Qa4 29.h3 Kxg7 30.Bd8 Bc8
31.Qf3 f5 32.Qf4 Qd7 33.Bg5 Nxg5 34.Qxg5 Qe7 35.Qd2 Qh4 36.Ne2 Qxc4 37.Rb1  0-1

[Event "Capablanca mem-A"]
[Site "Havana"]
[Date "1990.??.??"]
[Round "?"]
[White "Remon, Adelquis"]
[Black "Vera, Reynaldo"]
[Result "1-0"]
[WhiteElo "2375"]
[BlackElo "2475"]

1.d4 Nf6 2.c4 e6 3.Nc3 Bb4 4.f3 d5 5.a3 Bd6 6.c5 Be7 7.e3 O-O 8.Bd3 b6 9.b4 a5
10.Bd2 axb4 11.axb4 Rxa1 12.Qxa1 e5 13.Qa8 Bd7 14.dxe5 Bc6 15.Qa2 Nfd7 16.Qb1 Nxe5
17.Bxh7+ Kh8 18.Qf5 bxc5 19.b5 Bh4+ 20.Ke2 Qg5 21.Qxg5 Bxg5 22.Bc2 Nc4 23.Nh3 Bh6
24.Ra1 Re8 25.Nd1 Nxd2 26.Kxd2 d4 27.Ra7 dxe3+ 28.Ke2 Bd5 29.Bd3 Nd7 30.Rxc7 Be6
31.Nc3 Ne5 32.b6 Nxd3 33.Kxd3 Rd8+ 34.Ke2 Rb8 35.b7 Bc4+ 36.Ke1 Ba6 37.Rc6 Bxb7
38.Rb6 g6 39.Ne4 Ra8 40.Rxb7 Ra1+ 41.Ke2 Ra2+ 42.Ke1 Ra1+ 43.Ke2 Ra2+ 44.Kd3 Rxg2
45.f4 e2 46.Kd2 c4 47.Rc7 Rxh2 48.Nhg5 Bxg5 49.fxg5 Kg7 50.Rxc4 Kf8 51.Nf6 Ke7
52.Re4+ Kd6 53.Rxe2 Rxe2+ 54.Kxe2 Ke5 55.Kf3 Kf5 56.Nh7 Ke5 57.Kg4 Ke4 58.Nf6+ Ke5
59.Ng8 Ke6 60.Kf4 Kd5 61.Nf6+ Kd4 62.Ng4 Kd5 63.Ke3 Ke6 64.Ke4 Kd6 65.Nf6 Ke6
66.Nd5  1-0

[Event "Kherson"]
[Site "Kherson"]
[Date "1990.??.??"]
[Round "?"]
[White "Kovalev, S."]
[Black "Kushch, Nikolai"]
[Result "1-0"]
[WhiteElo "2290"]
[BlackElo "2300"]

1.d4 Nf6 2.c4 e6 3.Nc3 Bb4 4.f3 c5 5.d5 Bxc3+ 6.bxc3 d6 7.e4 e5 8.Bd3 Nbd7
9.Ne2 Nf8 10.Be3 Ng6 11.h4 Nh5 12.g3 h6 13.Qd2 Bd7 14.O-O-O Qa5 15.Kb2 Nf6
16.g4 Ba4 17.Rb1 Nd7 18.Ng3 Ne7 19.Nh5 Rg8 20.g5 hxg5 21.hxg5 a6 22.Ng3 b5
23.f4 bxc4 24.Bxc4 Nb6 25.Be2 Bb5 26.Ka1 exf4 27.Bxf4 Bxe2 28.Nxe2 Ng6 29.Qd3 Nxf4
30.Nxf4 g6 31.e5 dxe5 32.Rhe1 Nd7 33.d6 Kf8 34.Nd5 Rh8 35.Rb2 c4 36.Qxc4 Qc5
37.Qxc5 Nxc5 38.Rd2 e4 39.Nf6 Kg7 40.Nxe4 Rhe8 41.d7 Rxe4 42.Rxe4 Nxe4 43.d8=Q Rxd8
44.Rxd8 Nxc3 45.Ra8 Ne4 46.Rxa6 Nxg5 47.Rc6 Ne6 48.a4 g5 49.a5 Nd4 50.Rb6 g4
51.a6 g3 52.a7 Nc2+ 53.Ka2  1-0

[Event "Kusadasi op"]
[Site "Kusadasi"]
[Date "1990.??.??"]
[Round "6"]
[White "Malaniuk, Vladimir P"]
[Black "Dautov, Rustem"]
[Result "1/2-1/2"]
[WhiteElo "2505"]
[BlackElo "2560"]

1.d4 Nf6 2.c4 e6 3.Nc3 Bb4 4.f3 d5 5.a3 Bxc3+ 6.bxc3 c5 7.cxd5 Nxd5 8.dxc5 Qa5
9.e4 Nc7 10.Be3 e5 11.Qb3 Be6 12.Bc4 Nba6 13.Ne2 Nxc5  1/2-1/2

[Event "Leningrad it"]
[Site "Leningrad"]
[Date "1990.??.??"]
[Round "?"]
[White "Sakaev, Konstantin"]
[Black "Emms, John M"]
[Result "1-0"]
[WhiteElo "2370"]
[BlackElo "2430"]

1.d4 Nf6 2.c4 e6 3.Nc3 Bb4 4.f3 d5 5.a3 Bxc3+ 6.bxc3 c5 7.cxd5 Nxd5 8.dxc5 Qa5
9.e4 Ne7 10.Be3 O-O 11.Qb3 Qc7 12.a4 Nec6 13.f4 Nd7 14.Nf3 Na5 15.Qa3 b6
16.cxb6 axb6 17.Nd2 Nf6 18.Be2 Ba6 19.Qb4 Bxe2 20.Kxe2 Rfd8 21.Rhd1 Ng4 22.Bxb6 Qxf4
23.h3 Qg3 24.hxg4 Qxg2+ 25.Bf2 Nc6 26.Qb5 Qxg4+ 27.Ke1 Ne7 28.Qe2 Qf4 29.Nc4 Rxd1+
30.Rxd1 h5 31.Nb6 Re8 32.Qe3 Qg4 33.Nd7 Ng6 34.Kd2 e5 35.Kc2 Qe6 36.Kb2 Rd8
37.Qb6  1-0

[Event "Lvov zt"]
[Site "Lvov"]
[Date "1990.??.??"]
[Round "?"]
[White "Giorgadze, Giorgi"]
[Black "Lerner, Konstantin Z"]
[Result "1/2-1/2"]
[WhiteElo "2485"]
[BlackElo "2560"]

1.d4 Nf6 2.c4 e6 3.Nc3 Bb4 4.f3 d5 5.a3 Bxc3+ 6.bxc3 c5 7.cxd5 exd5 8.e3 Qc7
9.Ra2 Bf5 10.Ne2 Nc6 11.g4 Be6 12.Nf4 h6 13.Bd3 O-O-O 14.O-O g5 15.Nxe6 fxe6
16.Bd2 Kb8 17.Be1 Ka8 18.Rb2 c4 19.Bc2 h5 20.Ba4 hxg4 21.Bg3 Qc8 22.Bxc6 Qxc6
23.Be5 Rhf8 24.Rbf2 Nd7 25.Bg3 Qa6 26.Qc1 gxf3 27.Rxf3 Rxf3 28.Rxf3 Qb5 29.Rf7 a5
30.Qf1 Ka7 31.Bc7 Rc8 32.Bd6 Qc6 33.Be7 Rg8 34.Qb1 g4 35.Qh7 Rc8 36.Qg7 Nb6
37.Bc5 Ka6 38.Bxb6 Qxb6 39.Qxg4 Rc6 40.Qg8 Qb1+ 41.Kf2 Qc2+ 42.Kf3 Qe4+ 43.Kf2 Qc2+
44.Kf3 Qe4+ 45.Kf2  1/2-1/2

[Event "Lvov zt"]
[Site "Lvov"]
[Date "1990.??.??"]
[Round "?"]
[White "Shirov, Alexei"]
[Black "Lerner, Konstantin Z"]
[Result "1-0"]
[WhiteElo "2500"]
[BlackElo "2560"]

1.d4 Nf6 2.c4 e6 3.Nc3 Bb4 4.f3 d5 5.a3 Bxc3+ 6.bxc3 c5 7.cxd5 exd5 8.e3 Qc7
9.Ra2 Bf5 10.g4 Be6 11.Ne2 Nc6 12.Nf4 O-O-O 13.g5 Nd7 14.Bd3 Kb8 15.O-O Nb6
16.a4 Na5 17.Rg2 Ka8 18.Bc2 Nbc4 19.Re1 g6 20.Kh1 Nc6 21.Bd3 Qa5 22.Bxc4 dxc4
23.Bd2 cxd4 24.exd4 Bd5 25.Rg3 Rhe8 26.Rh3 Rxe1+ 27.Qxe1 a6 28.Kg2 Rh8 29.Rh6 Qd8
30.Qh4 Ne7 31.Nxd5 Nxd5 32.Rxh7 Re8 33.Kf2 Qe7 34.Qe4 Qd7 35.Qxg6 Re7 36.Qg8+ Ka7
37.Rh8 Kb6 38.Qd8+ Qxd8 39.Rxd8 Kc6 40.Rc8+ Kd7 41.Rxc4  1-0

[Event "FRG-ch qual"]
[Site "Mengen"]
[Date "1990.??.??"]
[Round "2"]
[White "Roeschlau, Bernd"]
[Black "Holzhaeuer, Mathias"]
[Result "1-0"]
[WhiteElo "2280"]
[BlackElo "2315"]

1.d4 Nf6 2.c4 e6 3.Nc3 Bb4 4.f3 c5 5.d5 Nh5 6.g3 f5 7.e4 O-O 8.f4 g6 9.e5 d6
10.Be2 Bxc3+ 11.bxc3 Ng7 12.h4 Nd7 13.h5 gxh5 14.Nf3 Re8 15.Ng5 Nf8 16.Bxh5 Nxh5
17.Qxh5 Re7 18.Ba3 b6 19.O-O-O dxe5 20.Nf3 Bb7 21.Nxe5 Qe8 22.Qh4 Rg7 23.g4 Ng6
24.Nxg6 Qxg6 25.gxf5 Qxf5 26.Rdg1 Rf8 27.Rxg7+ Kxg7 28.Rg1+ Kh8 29.Qe7 Qxf4+
30.Kb2 Qf6 31.Qxf6+ Rxf6 32.d6 Rf2+ 33.Kb3 Rd2 34.Bc1 Rd3 35.Bf4 h5 36.Be5+ Kh7
37.Rg7+ Kh6 38.Rxb7 h4 39.Rb8 h3 40.Rh8+ Kg6 41.Ka4 Kf5 42.Rh5+ Kg6 43.Rh8 Kf5
44.Bg7 Kg6 45.Be5 Kf5 46.Bh2 a6 47.Rf8+ Ke4 48.Rf4+ Ke3 49.Rf6 Kd2 50.Be5 Kc2
51.Rf2+ Kd1 52.Rb2 Kc1 53.Rxb6 Rd2 54.Bf4 h2 55.d7 h1=Q 56.d8=Q Qd1+ 57.Ka3  1-0

[Event "Metz op"]
[Site "Metz"]
[Date "1990.??.??"]
[Round "4"]
[White "Moskalenko, Viktor"]
[Black "Douven, Rudy C"]
[Result "1/2-1/2"]
[WhiteElo "2525"]
[BlackElo "2440"]

1.d4 Nf6 2.c4 e6 3.Nc3 Bb4 4.f3 Nc6 5.a3 Bxc3+ 6.bxc3 d6 7.e4 e5 8.Be3 O-O
9.Bd3 b6 10.Ne2 Ba6 11.Ng3 Na5 12.Qe2 Qe8 13.O-O Qa4 14.f4 Ne8 15.fxe5 dxe5
16.dxe5 Bxc4 17.Bg5 Kh8 18.Be7 Rg8 19.Bb4 Qb5 20.a4 Qa6 21.Bxc4 Qxc4 22.Bxa5 Qc5+
23.Qf2 Qxa5 24.Qd4 f6 25.exf6 Nxf6 26.Rxf6 gxf6 27.Qxf6+ Rg7 28.Nf5 Qc5+
29.Kh1 Qf8 30.Qxg7+ Qxg7 31.Nxg7 Kxg7 32.Rd1 Re8 33.Rd4 a5 34.Kg1 c5 35.Rd7+ Kg8
36.Rb7 Rxe4 37.Rxb6 Rxa4 38.Rb5  1/2-1/2

[Event "URS-ch U26"]
[Site "Minsk"]
[Date "1990.??.??"]
[Round "?"]
[White "Khenkin, Igor"]
[Black "Karpman, Vadim"]
[Result "1-0"]
[WhiteElo "2450"]
[BlackElo "2500"]

1.d4 Nf6 2.c4 e6 3.Nc3 Bb4 4.f3 d5 5.a3 Bxc3+ 6.bxc3 c5 7.cxd5 Nxd5 8.dxc5 f5
9.e4 fxe4 10.Qc2 O-O 11.fxe4 Qh4+ 12.g3 Qf6 13.Bg2 Qxc3+ 14.Qxc3 Nxc3 15.Bf4 Bd7
16.Ne2 Na4 17.Bd6 Rc8 18.e5 Bc6 19.Bh3 Bd7 20.Bg2 Bc6 21.Bh3 Bd7 22.Rc1 Na6
23.c6 Rxc6 24.Rxc6 bxc6 25.O-O N6c5 26.Rf4  1-0

[Event "URS-ch U26"]
[Site "Minsk"]
[Date "1990.??.??"]
[Round "?"]
[White "Khenkin, Igor"]
[Black "Epishin, Vladimir"]
[Result "0-1"]
[WhiteElo "2450"]
[BlackElo "2550"]

1.d4 Nf6 2.c4 e6 3.Nc3 Bb4 4.f3 c5 5.d5 b5 6.e4 bxc4 7.Bxc4 Nxd5 8.Bxd5 exd5
9.Qxd5 Nc6 10.Ne2 Ba6 11.Be3 Qb6 12.O-O-O O-O 13.a3 Rab8 14.axb4 Nxb4 15.Bxc5 Qh6+
16.Qd2 Nd3+ 17.Kb1 Rxb2+ 18.Qxb2 Nxb2 19.Rd6 Bd3+ 20.Kxb2 Rb8+ 21.Ka1 Qd2
22.Ba3 Rb3 23.Bc1 Qc2 24.Rxd3 Rb6 25.Rd4 Ra6+ 26.Ra4 Rxa4+ 27.Nxa4 Qxa4+
28.Kb1 Qb5+ 29.Bb2 Qd3+ 30.Kc1 Qxe2 31.Rd1 Qxg2 32.Rxd7 h6 33.Rd2 Qxf3 34.e5 a5  0-1

[Event "Moscow (Women)"]
[Site "Moscow"]
[Date "1990.??.??"]
[Round "?"]
[White "Umanskaya, Irina"]
[Black "Aliautdinova, M."]
[Result "1-0"]
[WhiteElo "2225"]
[BlackElo "2165"]

1.d4 Nf6 2.c4 e6 3.Nc3 Bb4 4.f3 d5 5.a3 Bxc3+ 6.bxc3 O-O 7.e3 Nh5 8.Qc2 f5
9.Nh3 b6 10.a4 c5 11.a5 Bb7 12.Bd3 Qh4+ 13.g3 Qe7 14.O-O Nd7 15.cxd5 Bxd5
16.axb6 axb6 17.Rxa8 Bxa8 18.Qb3 Qd6 19.Bc4 Bd5 20.e4 Bxc4 21.Qxc4 b5 22.Qxb5 fxe4
23.fxe4 Rxf1+ 24.Kxf1 e5 25.d5 h6 26.Kg2 Nhf6 27.Qe2 Qb6 28.Nf2 Qb1 29.Qb2 Qxb2
30.Bxb2 Kf7 31.Ba3 Ke7 32.Kf3 Ne8 33.Nd3 Kd6 34.Nb2 Nb6 35.Nd3 Nd7 36.h4 h5
37.g4 g6 38.c4 Nef6 39.gxh5 gxh5 40.Bc1 Ne8 41.Bd2 Ke7 42.Bc3 Kd6 43.Ba5 Ke7
44.Bc3 Kd6 45.Nb2 Nef6 46.Ba5 Ke7 47.Nd1 Ng4 48.Nc3 Nh2+ 49.Ke2 Ng4 50.Bc7 Ngf6
51.Kf3 Ne8 52.Nb5 Nxc7 53.Nxc7 Nf8 54.Kg3 Kd7 55.Nb5 Ng6 56.Nc3 Nf4 57.Nd1 Kc7
58.Ne3 Kd7 59.Nf5 Ke8 60.Nd6+ Kd7 61.Nb7 Nd3 62.Kf3 Kc7 63.Ke3  1-0

[Event "Moscow (Women)"]
[Site "Moscow"]
[Date "1990.??.??"]
[Round "?"]
[White "Chelushkina, Irina"]
[Black "Litinskaya, Marta I"]
[Result "0-1"]
[WhiteElo "2315"]
[BlackElo "2355"]

1.d4 Nf6 2.c4 e6 3.Nc3 Bb4 4.f3 d5 5.a3 Bd6 6.c5 Be7 7.e3 c6 8.b4 a5 9.Bd2 Nbd7
10.f4 O-O 11.Bd3 b6 12.Nf3 Ba6 13.Bxa6 Rxa6 14.O-O Qa8 15.Rb1 axb4 16.axb4 Rb8
17.Ne5 bxc5 18.bxc5 Bd8 19.Qc2 Ba5 20.Nxd7 Nxd7 21.Rxb8+ Nxb8 22.f5 Bxc3
23.fxe6 fxe6 24.Bxc3 Nd7 25.e4 Nf6 26.exd5 exd5 27.Qf5 Qe8 28.Bd2 Ra7 29.Rb1 Rf7
30.Qe5 Qxe5 31.dxe5 Ne4 32.Be3 Re7 33.Rb6 Re6 34.g3 h5 35.Kg2 Kf7 36.Kf3 g5
37.Bd4 Nd2+ 38.Kg2 Nc4 39.Ra6 Kg6 40.Ra8 Kf5 41.Rh8 Ke4 42.Bf2 d4 43.Rd8 Ne3+
44.Bxe3 Kxe3 45.Rd6 Rxe5 46.Rxc6 d3 47.Rd6 d2 48.c6 Rc5 49.h4 gxh4 50.Kh3 hxg3
51.Kxg3 Ke2  0-1

[Event "Moscow op"]
[Site "Moscow"]
[Date "1990.??.??"]
[Round "?"]
[White "Ballon, Guenther Jan"]
[Black "Vyzmanavin, Alexey"]
[Result "0-1"]
[WhiteElo "2275"]
[BlackElo "2585"]

1.d4 Nf6 2.c4 e6 3.Nc3 Bb4 4.f3 d5 5.a3 Bxc3+ 6.bxc3 c5 7.cxd5 Nxd5 8.dxc5 Qa5
9.e4 Nc7 10.Be3 O-O 11.Qb3 Nca6 12.Bc4 Qc7 13.Ne2 Nxc5 14.Qc2 Nbd7 15.O-O Nb6
16.Ba2 Bd7 17.Nd4 Rac8 18.Rab1 Nca4 19.c4 Qd6 20.Rb4 Rfd8 21.Rc1 Nc5 22.Qb1 Nba4
23.Nb5 Qd3 24.Bxc5 Nxc5 25.Rc3 Qd2 26.Rb2 Qf4 27.Re2 a6 28.g3 Qb8 29.Nd4 Qe5
30.Rd2 Ba4  0-1

[Event "Moscow op"]
[Site "Moscow"]
[Date "1990.??.??"]
[Round "?"]
[White "Yakovich, Yuri"]
[Black "Naumkin, Igor"]
[Result "1/2-1/2"]
[WhiteElo "2520"]
[BlackElo "2445"]

1.d4 Nf6 2.c4 e6 3.Nc3 Bb4 4.f3 d5 5.a3 Bxc3+ 6.bxc3 c5 7.cxd5 Nxd5 8.dxc5 f5
9.e4 fxe4 10.Qc2 e3 11.Bd3 Nd7 12.c4 Nf4 13.Bxe3 Nxc5 14.Bxh7 Qh4+ 15.Kf1 Qxh7
16.Qxh7 Rxh7 17.Bxc5 b6 18.Be3 Nd3 19.Nh3 Rh4 20.Nf2 Nxf2 21.Kxf2 Rxc4 22.Rac1 Ba6
23.Rxc4 Bxc4 24.Bd4 Kf7 25.Ke3 b5 26.h4 g6 27.g4 a5 28.Rc1 Rc8 29.Be5 Rc6
30.Rd1 Bd5 31.Rb1 Bc4 32.Kf4 Rc5 33.Rc1 Kg8 34.Bd4 Rd5 35.Ke4 Rd7 36.Rc3 Rf7
37.f4 Bd5+ 38.Ke5 b4 39.axb4 axb4 40.Rc8+ Rf8 41.Rxf8+ Kxf8 42.Kf6 Bf3 43.g5 Be4
44.Kxe6 b3 45.Kf6 Kg8  1/2-1/2

[Event "Moscow op"]
[Site "Moscow"]
[Date "1990.??.??"]
[Round "?"]
[White "Yakovich, Yuri"]
[Black "Sokolov, Andrei"]
[Result "1/2-1/2"]
[WhiteElo "2520"]
[BlackElo "2570"]

1.d4 Nf6 2.c4 e6 3.Nc3 Bb4 4.f3 d5 5.a3 Bxc3+ 6.bxc3 c5 7.cxd5 Nxd5 8.dxc5 Qa5
9.e4 Ne7 10.Be3 O-O 11.Qb3 Qc7 12.Nh3 Nec6 13.Rb1 e5 14.Nf2 Na5 15.Qa4 Be6
16.Be2 Nd7 17.Rb5 b6 18.O-O Nb7 19.cxb6 axb6 20.Qb4 Nd6 21.Bxb6 Qc6 22.Be3 Rfc8
23.Ra5 Rxa5 24.Qxa5 Ra8 25.Qb4  1/2-1/2

[Event "New York Manhattan"]
[Site "New York"]
[Date "1990.??.??"]
[Round "8"]
[White "Bykhovsky, Avigdor"]
[Black "Abramovic, Bosko"]
[Result "1/2-1/2"]
[WhiteElo "2495"]
[BlackElo "2495"]

1.d4 Nf6 2.c4 e6 3.Nc3 Bb4 4.f3 d5 5.a3 Bxc3+ 6.bxc3 c5 7.cxd5 Nxd5 8.dxc5 Qa5
9.e4 Ne7 10.Be3 O-O 11.Qb3 Qc7 12.Rd1 Nec6 13.f4 Na5 14.Qb4 Na6 15.Bxa6 bxa6
16.Nf3 Rb8 17.Qa4 Bb7 18.Ne5 Rfd8 19.O-O f6 20.Nc4 Nxc4 21.Qxc4 Qc6 22.f5 Kf7
23.Bf4 Rbc8 24.Rfe1 g6 25.Qxe6+ Qxe6 26.fxe6+ Kxe6 27.Bd6 Rd7 28.Kf2 Bc6
29.Rb1 Rb7 30.Rxb7 Bxb7 31.Ke3 Bc6 32.g4 Re8 33.Kd4 Rg8 34.Rg1 Rg7 35.e5 fxe5+
36.Bxe5 Rf7 37.Re1 Kd7 38.g5 Rf2 39.c4 a5 40.Bg3 Rf5 41.Bd6 Rf7 42.Re3 a4
43.Re2 a5 44.Re1 Kc8 45.Rb1 Kd7 46.Rb6 Rf3 47.Ra6 Rxa3 48.Ra7+ Kd8 49.Rc7 Ra1
50.Rxc6 a3 51.Ra6 Rd1+ 52.Ke5 a2 53.Rxa5 a1=Q+ 54.Rxa1 Rxa1 55.Kf6 Rc1 56.Kg7 Ke8
57.c6 Rxc4 58.c7 Kd7 59.Bg3 Rg4 60.Kh6 Kc8  1/2-1/2

[Event "NOR-chT"]
[Site "NOR"]
[Date "1990.??.??"]
[Round "?"]
[White "Agdestein, Espen"]
[Black "Chavannes, Ivar"]
[Result "1-0"]
[WhiteElo "2335"]
[BlackElo "2120"]

1.d4 Nf6 2.c4 e6 3.Nc3 Bb4 4.f3 d5 5.a3 Bxc3+ 6.bxc3 c5 7.cxd5 exd5 8.e3 Bf5
9.Ne2 Nc6 10.Ra2 h5 11.Ng3 Bb1 12.Rb2 h4 13.Rxb1 hxg3 14.h3 Qe7 15.Bb5 Rc8
16.O-O a6 17.Bd3 g6 18.e4 Kf8 19.e5 Nh5 20.Be3 b5 21.f4 c4 22.Bc2 f5 23.Bc1 Rg8
24.Qe1 a5 25.Bd1 Rb8 26.Qe3 Kf7 27.Bf3 Qe6 28.Bd2 Ng7 29.Rb2 Ne8 30.Be1 Nc7
31.Bxg3 b4 32.axb4 axb4 33.cxb4 Nb5 34.Rd1 Ra8 35.Bf2 Ra3 36.Qc1 Rga8 37.Qc2 R8a4
38.Qb1 Ra1 39.Qc2 c3 40.Rbb1  1-0

[Event "Novi Sad ol (Men)"]
[Site "Novi Sad"]
[Date "1990.??.??"]
[Round "12"]
[White "Murshed, Niaz"]
[Black "Klinger, Josef"]
[Result "0-1"]
[WhiteElo "2475"]
[BlackElo "2520"]

1.d4 e6 2.c4 Nf6 3.Nc3 Bb4 4.f3 d5 5.a3 Be7 6.e4 c5 7.e5 Nfd7 8.cxd5 exd5
9.Nxd5 cxd4 10.Nxe7 Qxe7 11.f4 f6 12.Nf3 fxe5 13.Bc4 Nc6 14.O-O e4 15.Ng5 Nf6
16.b4 h6 17.Nxe4 Nxe4 18.Qh5+ Kf8 19.Re1 Nf6 20.Rxe7 Nxh5 21.Rf7+ Ke8 22.Bb2 Bd7
23.Rd1 Rc8 24.Ba2 a6 25.h3 Ng3 26.Rxg7 Nf5 27.Re1+ Nce7 28.Bxd4 Nxg7 29.Bf6 Be6
30.Bxg7 Bxa2 31.Bxh8 Kf7 32.Bd4 Rc2 33.Bc5 Nd5 34.Rf1 Rc3 35.Kh2 Rxa3 36.g4 Rb3
37.g5 Nxb4 38.Rd1 Nd3 39.Be3 Ne5 40.Bc1 Rd3 41.Rf1 Nf3+  0-1

[Event "Novi Sad ol (Men)"]
[Site "Novi Sad"]
[Date "1990.??.??"]
[Round "13"]
[White "Agdestein, Simen"]
[Black "Hansen, Lars Bo"]
[Result "1/2-1/2"]
[WhiteElo "2600"]
[BlackElo "2500"]

1.d4 Nf6 2.c4 e6 3.Nc3 Bb4 4.f3 c5 5.d5 b5 6.dxe6 fxe6 7.cxb5 d5 8.e3 O-O
9.Bd2 e5 10.Na4 Qe7 11.Bxb4 cxb4 12.Rc1 Be6 13.Nc5 Bf7 14.Nh3 Nbd7 15.Nxd7 Nxd7
16.Be2 Nb6 17.b3 Qh4+ 18.Nf2 Qg5  1/2-1/2

[Event "Paris-ch"]
[Site "Paris"]
[Date "1990.??.??"]
[Round "?"]
[White "Shirov, Alexei"]
[Black "Pira, Davoud"]
[Result "1-0"]
[WhiteElo "2500"]
[BlackElo "2345"]

1.d4 Nf6 2.c4 e6 3.Nc3 Bb4 4.f3 d5 5.a3 Be7 6.e4 dxe4 7.fxe4 e5 8.d5 Ng4
9.Nf3 O-O 10.Bd3 Bc5 11.Qe2 Bf2+ 12.Kd1 Bd4 13.Kc2 Nf2 14.Nxd4 Nxd3 15.Qxd3 exd4
16.Nb5 c6 17.Nxd4 b5 18.Bf4 bxc4 19.Qg3 Bd7 20.Rhf1 f6 21.Bc7 Qe8 22.e5 cxd5
23.exf6 Qg6+ 24.Qxg6 hxg6 25.fxg7 Ba4+ 26.Kc3 Re8 27.Rae1 Na6 28.Bd6 Rxe1
29.Rxe1 Re8 30.Rxe8+ Bxe8 31.Ne6 Bf7 32.Ng5 Kxg7 33.Kd4 Bg8 34.h4 Kf6 35.g4 Be6
36.Be5+ Ke7 37.Nxe6 Kxe6 38.h5 gxh5 39.gxh5  1-0

[Event "URS-chT"]
[Site "Podolsk"]
[Date "1990.??.??"]
[Round "?"]
[White "Moskalenko, Viktor"]
[Black "Atlas, Valeri"]
[Result "1/2-1/2"]
[WhiteElo "2525"]
[BlackElo "2420"]

1.d4 Nf6 2.c4 e6 3.Nc3 Bb4 4.f3 c5 5.d5 b5 6.e4 bxc4 7.Bxc4 Nxd5 8.Bxd5 exd5
9.Qxd5 Nc6 10.Ne2 Ba6 11.Kf2 O-O 12.Rd1 Ba5 13.Qg5 f5 14.Qxd8 Raxd8 15.exf5 Nb4
16.Kg1 d5  1/2-1/2

[Event "URS-chT"]
[Site "Podolsk"]
[Date "1990.??.??"]
[Round "?"]
[White "Sagalchik, Gennadij"]
[Black "Dautov, Rustem"]
[Result "1/2-1/2"]
[WhiteElo "2360"]
[BlackElo "2560"]

1.d4 Nf6 2.c4 e6 3.Nc3 Bb4 4.f3 d5 5.a3 Bxc3+ 6.bxc3 c5 7.cxd5 Nxd5 8.dxc5 Qa5
9.e4 Nc7 10.Qd4 O-O 11.Qb4 Nc6 12.Qxa5 Nxa5 13.Bf4 Ne8 14.Rb1 f6 15.Rb5 Nc6
16.Bc4 Kh8 17.Ne2 e5 18.Be3 Nc7 19.Rb1 Na5 20.Ba2 Be6 21.Bxe6 Nxe6 22.Kf2 Rf7
23.Rb5  1/2-1/2

[Event "URS-chT"]
[Site "Podolsk"]
[Date "1990.??.??"]
[Round "?"]
[White "Bykhovsky, Avigdor"]
[Black "Petrosian, Arshak B"]
[Result "1-0"]
[WhiteElo "2495"]
[BlackElo "2480"]

1.d4 Nf6 2.c4 e6 3.Nc3 Bb4 4.f3 c5 5.d5 Bxc3+ 6.bxc3 Qa5 7.Bd2 d6 8.e4 O-O
9.Ne2 Re8 10.Ng3 Bd7 11.Be2 Ba4 12.Qc1 a6 13.O-O Nbd7 14.Bf4 Qc7 15.Qd2 Ne5
16.Bg5 Ned7 17.Bd1 Bxd1 18.Rfxd1 h6 19.dxe6 Rxe6 20.Bxf6 Nxf6 21.Nf5 Rd8
22.Rab1 Rd7 23.Ne3 Qc6 24.Qb2 Qa4 25.Qb3 Qa5 26.a4 g6 27.Rb2 h5 28.Qc2 Kg7
29.Rdb1 Qc7 30.Qb3 Qc8 31.a5 Qh8 32.Qd1 Ree7 33.Rb6 Qh6 34.Qd2 Kh7 35.Rd1 Qf4
36.Ng4 Qxd2 37.Nxf6+ Kg7 38.Nxh5+ gxh5 39.Rxd2 Re6 40.Kf2 Kg6 41.Rd5 h4 42.Ke3 Kg7
43.Rh5 Rg6 44.Kf2 Rh6 45.Rxh6 Kxh6 46.e5 Kg5 47.Rxd6 Rxd6 48.exd6 Kf6 49.g4 Ke6
50.f4 Kxd6 51.g5  1-0

[Event "URS-ch (Women)"]
[Site "Podolsk"]
[Date "1990.??.??"]
[Round "7"]
[White "Prudnikova, Svetlana"]
[Black "Demina, Julia"]
[Result "1-0"]
[WhiteElo "2210"]
[BlackElo "2330"]

1.d4 Nf6 2.c4 e6 3.Nc3 Bb4 4.f3 d5 5.a3 Bxc3+ 6.bxc3 c5 7.cxd5 Nxd5 8.dxc5 Qa5
9.e4 Ne7 10.Be3 Nd7 11.Qb3 Nc6 12.Bb5 a6 13.Bxc6 bxc6 14.Ne2 Rb8 15.Qc4 Rb2
16.f4 e5 17.O-O exf4 18.Nxf4 O-O 19.Nd3 Rb7 20.e5 Nb8 21.Nf4 Qc7 22.Bd4 Qe7
23.Rf3 Bf5 24.Rg3 Rb1+ 25.Rxb1 Bxb1 26.e6 f6 27.h4 Re8 28.Qf1 Be4 29.Nh5 Bg6
30.Nxf6+ gxf6 31.h5 Qxe6 32.hxg6 Qe1 33.gxh7+ Kxh7 34.Rf3 Nd7 35.Bxf6 Nxc5
36.Bd4 Qxf1+ 37.Rxf1 Ne6 38.Be3 Kg6 39.Rb1 Nc7 40.Bd2 Nd5 41.c4 Nf6 42.Rb6 Rd8
43.Bb4 Rd1+ 44.Kf2 Kf5 45.Rxc6 Ng4+ 46.Ke2 Rg1 47.Rc8 Ke4 48.Re8+ Kd4 49.c5 Ne5
50.Rg8 Ra1 51.Rd8+ Kc4 52.Rd1 Rxd1 53.Kxd1 Nc6 54.g4 a5 55.Bd2 Kxc5 56.g5 Kb5
57.g6 Ne7 58.g7 Ka4 59.Bc1 Kb3 60.Kd2 Kc4 61.Kc2  1-0

[Event "Prague Mladi op"]
[Site "Prague"]
[Date "1990.??.??"]
[Round "3"]
[White "Bandza, Algirdas"]
[Black "Ilinsky, Vladimir"]
[Result "1/2-1/2"]
[WhiteElo "2380"]
[BlackElo "2350"]

1.d4 Nf6 2.c4 e6 3.Nc3 Bb4 4.f3 c5 5.d5 d6 6.e4 O-O 7.Ne2 a6 8.a4 exd5 9.cxd5 Nbd7
10.Ng3 Rb8 11.Be2 b5 12.axb5 axb5 13.O-O c4 14.Nf5 Ne5 15.Nd4 Bd7 16.Kh1 Qb6
17.Nc2 Bc5 18.Bg5 Ra8 19.Rxa8 Rxa8 20.Bxf6 gxf6 21.f4 Ng6 22.Bg4 Be8 23.Ne2 b4  1/2-1/2